000 01133cab a2200217 4500
001 L136159
008 070115n2006 000 0 eng u
035 _a(Sirsi) u136159
041 0 _aeng
050 0 4 _a344.046343 $2 18
245 0 0 _aDirective 2006/118/EC of the European Parliament and of the Council of 12 December 2006 on the protection of groundwater against pollution and deterioration
_h[electronic resource]
260 _aBrussels
_bEuropa
_c2006
490 _aDirective 2006/118/EC
520 _aEstablishes specific measures in order to prevent and control groundwater pollution. Complements the provisions preventing or limiting inputs of pollutants into groundwater already contained in Directive 2000/60/EC and aims to prevent the deterioration of the status of all bodies of groundwater.
650 2 4 _aDIRECTIVE 2006/118/EC
650 2 4 _aDIRECTIVE 2000/60/EC
651 4 _aEUROPE
690 _aENVIRONMENTAL AND LAND CONSULTANCY-WATER RESOURCE MANAGEMENT
856 4 0 _uhttps://eur-lex.europa.eu/JOHtml.do?uri=OJ:L:2006:372:SOM:EN:HTML
_zView the directive free of charge at eur-lex.europa.eu...
942 _n0
999 _c78159
_d78159